000 01465nam0a2200301 i 4500
001 RU\NLR\BIBL_A\011280419
005 20260406061054.0
010 _a97859059831338
_95000
021 _aRU
_b2016-88053
_95788
035 _a(NLR Aleph) 011280419
090 _a10870842
_c10870842
100 _a20161130d2016 u y0rusy50 ca
101 0 _arus
102 _aRU
105 _aac||w|||000hy
200 1 _aБеседы на Евангелие от Марка
_fсвященноисповедник Василий, епископ Кинешемский
210 _aМосква
_cДуховное преображение
_d2016
215 _a879 с.
_cил., портр.
_d21
300 _aНа с. 2-3 авт.: епископ, священносповедник Василий Кинешемский (в миру Вениамин Сергеевич Преображенский)
320 _aБиблиогр. в подстроч. примеч.
605 _aБиблия
_iНовый Завет
_iЕвангелие от Марка
_xИсследование текста
_92216568
_3RU\NLR\AUTH\661331245
686 2 _aЭ37-220.911.32
700 0 _8rus
_7ca
_aВасилий Кинешемский
_cПреображенский, Вениамин Сергеевич
_cепископ
_f1876-1945
_3RU\NLR\AUTH\7711296
_9121047
942 _cBOOK
980 _aNBR